Southville International School and Colleges
Your cart is empty.
  • Cart
  • Lists
    Public lists Eva Luna New books Lux_list list_1
    Your lists Log in to create your own lists
  • Log in to your account
  • Your cookies
  • Search history
Southville International School and Colleges
  • Advanced search
  • Recent comments
  • Most popular
  • Libraries

Log in to your account

Log in with GOOGLE


If you do not have an external account, but do have a local account, you can still log in:

  1. Home
  2. MARC view: Empowerment technologies
Normal view MARC view ISBD view

Empowerment technologies (Record no. 367460)

[ view plain ]
MARC details
000 -LEADER
fixed length control field 00823nam a22002537a 4500
003 - CONTROL NUMBER IDENTIFIER
control field 0
005 - DATE AND TIME OF LATEST TRANSACTION
control field 20250506180137.0
008 - FIXED-LENGTH DATA ELEMENTS--GENERAL INFORMATION
fixed length control field 250506b xxu||||| |||| 00| 0 eng d
020 ## - INTERNATIONAL STANDARD BOOK NUMBER
International Standard Book Number 9786214271979
050 ## - LIBRARY OF CONGRESS CALL NUMBER
Classification number T 58.5
Item number .Em47 2024
245 ## - TITLE STATEMENT
Title Empowerment technologies
Statement of responsibility, etc Abante, Marmelo and four others
260 ## - PUBLICATION, DISTRIBUTION, ETC. (IMPRINT)
Place of publication, distribution, etc Manila
Name of publisher, distributor, etc Unlimited Books Library Services & Publishing Inc.
Date of publication, distribution, etc c2024
300 ## - PHYSICAL DESCRIPTION
Extent viii, 298 pages ;
Dimensions 26cm.
504 ## - BIBLIOGRAPHY, ETC. NOTE
Bibliography, etc Includes bibliographical references.
650 ## - SUBJECT ADDED ENTRY--TOPICAL TERM
Topical term or geographic name as entry element Information technology.
650 ## - SUBJECT ADDED ENTRY--TOPICAL TERM
Topical term or geographic name as entry element Digital literacy.
650 ## - SUBJECT ADDED ENTRY--TOPICAL TERM
Topical term or geographic name as entry element Internet—Social aspects.
650 ## - SUBJECT ADDED ENTRY--TOPICAL TERM
Topical term or geographic name as entry element Communication—Technological innovations.
700 ## - ADDED ENTRY--PERSONAL NAME
Personal name Abante, Marmelo V.
700 ## - ADDED ENTRY--PERSONAL NAME
Personal name Villegas, Renato A.
700 ## - ADDED ENTRY--PERSONAL NAME
Personal name Arguelles, Dean Pastor R.
700 ## - ADDED ENTRY--PERSONAL NAME
Personal name Neones, Mark Raffy
942 ## - ADDED ENTRY ELEMENTS (KOHA)
Source of classification or shelving scheme Library of Congress Classification
Koha item type Books
Holdings
Withdrawn status Lost status Source of classification or shelving scheme Damaged status Home library Current library Shelving location Date acquired Source of acquisition Sub Shelving location Total Checkouts Full call number Barcode Date last seen Price effective from Koha item type
    Library of Congress Classification   College Library College Library Filipiniana Section 05/06/2025 Library Fund     T 58.5 .Em47 2024 C24481 05/06/2025 05/06/2025 Books
    Library of Congress Classification   College Library College Library Filipiniana Section 05/06/2025 Library Fund     T 58.5 .Em47 2024 C24482 05/06/2025 05/06/2025 Books
    Library of Congress Classification   College Library College Library Filipiniana Section 05/06/2025 Library Fund     T 58.5 .Em47 2024 C24483 05/06/2025 05/06/2025 Books

Empowerment technologies

APA

Abante M. V., Villegas R. A., Arguelles D. P. R. & Neones M. R. (2024). Empowerment technologies. Manila: Unlimited Books Library Services & Publishing Inc.

Chicago

Abante Marmelo V, Villegas Renato A, Arguelles Dean Pastor R and Neones Mark Raffy. 2024. Empowerment technologies. Manila: Unlimited Books Library Services & Publishing Inc.

Harvard

Abante M. V., Villegas R. A., Arguelles D. P. R. and Neones M. R. (2024). Empowerment technologies. Manila: Unlimited Books Library Services & Publishing Inc.

MLA

Abante Marmelo V, Villegas Renato A, Arguelles Dean Pastor R and Neones Mark Raffy. Empowerment technologies. Manila: Unlimited Books Library Services & Publishing Inc. 2024.

  • Place hold
  • Print
  • Cite
  • Add to your cart (remove)
  • Save record
    BIBTEX Dublin Core MARCXML MARC (non-Unicode/MARC-8) MARC (Unicode/UTF-8) MARC (Unicode/UTF-8, Standard) MODS (XML) RIS
  • More searches
    Search for this title in:
    Other Libraries (WorldCat) Other Databases (Google Scholar) Online Stores (Bookfinder.com) Open Library (openlibrary.org)

Exporting to Dublin Core...

SOUTHVILLE LIBRARY

Southville International School and Colleges Library

1281 Tropical Ave. Cor. Luxembourg St., BF Homes International, Las Pinas City

Tel. No. 8256374 / 252358 Loc. 117/146

Powered by Koha